1850 1834 1915 1974 1770 1976 1148 1087 1109 1443 1455 1147 1410 1808 1860 1505 1805 1909 1866 1371 1801 1528 1389 1522 1980 1862 1258 1957 1048 1647 1996 1617 1491 1520 1406 1994 1237 1155 1136 1125 1643 1551 1997 1568 1272 1953 1367 1067 1094 1215 1478 1708 1730 1342 1541 1983 1455 1083 1041 1496 1867 1581 1019 1093 1235 1615 1517 1428 1186 1112 1237 1911 1629 1143 1647 1984 1089 1749 1211 1222 1150 1159 1159 1915 1358 1072 1122 1288 1979 1420 1071 1138 1968 1268 1728 1626 1327 1545 1373 BCNSPRNW ULIB Ver.6.0+V

เปลี่ยนเป็นภาษาไทย

Change to English
 แสดงรายละเอียดบรรณานุกรม
  กลับหน้าหลัก

Brief Record : Get Marc (ISO 2709) : E-mail record : QR code < ปิดหน้าต่าง
LEADER : 00000nas 2200000uu 4500
001    13399124684
003     ULIB
008    151225s||||||||th 000 0 tha d
022 0  2287-0946
110 1  โรงพยาบาลจิตเวชนครราชสีมาราชนครินทร์
245 00 วารสารสุขภาพจิตชุมชนแห่งประเทศไทย
310    ^aราย 6 เดือน
850 ^a ULIB^bปีที่ 1 ฉบับที่ 2 ฉ.1
945    ^p0^l0^i903493
999    ^aเกษร โพธิ์สุวรรณ
รายการนี้ยังไม่มีแท็ก
คุณยังไม่ได้ล็อกอิน คุณสามารถมีกิจกรรมร่วมกับเว็บไซต์ได้ แต่ต้องล็อกอินก่อน ::
  ล็อกอิน

รายการสื่อสารสนเทศ (วารสาร)

ดูแบบ: กล่อง รายการ
ARRIVED
ปีที่ 1 ฉบับที่ 2 ฉ.1
สถานที่: ห้องสมุดวิทยาเขตสวรรค์ประชารักษ์ >วารสาร

BibComment


ยังไม่เคยถูกคอมเมนท์

คอมเมนท์ทรัพยากรรายการนี้
  คอมเมนท์: วารสารสุขภาพจิตชุ..


 Copyright 2026. Bcnsprnw @Library